Žyttjam krokuje za velinnjam rozumu a srdca (štrychy do portreta Jana Cupera)

Bibliographic Details
Main Author: Iľuk, Miroslav, 1942- (Author)
Format: Article
Language:Ukrainian
Slovak
PhysicalDescription:Fotogr.
Subjects:

MARC

LEADER 00000nab a2200000 a 4500
001 vtls010580033
003 SK-MaSNL
005 20260318115023.0
008 140304c2014 xo wr p 000 c0ukr
015 |a SNBRB2014/03 
038 |a SVKPOCL 
040 |a SVKPOCL  |b slo  |c SVKPOCL  |e AACR2 
041 0 |a slo 
044 |a xo  |c SK 
080 |a 80(=16)+908(4)  |2 2001 
080 |a 80(=161.2)+908(477)  |2 2001 
080 |a 33-051  |2 2001 
080 |a 316.022.4(=161.2)(437.6)  |2 2001 
080 |a 929 Cuper, Ján  |2 2001 
100 1 |a Iľuk, Miroslav,  |d 1942-  |4 aut  |9 6395 
245 1 0 |a Žyttjam krokuje za velinnjam rozumu a srdca  |b (štrychy do portreta Jana Cupera)  |c [avtor] -mi- 
300 |b Fotogr. 
600 1 7 |a Cuper, Ján  |d 1954-  |2 svkpocl  |9 871768 
650 0 7 |a ekonómovia  |2 svkpocl  |9 56910 
650 0 7 |a Ukrajinci  |z Slovensko  |2 svkpocl  |9 348197 
650 0 7 |a ukrajinistika  |2 svkpocl  |9 51200 
650 0 7 |a osobnosti  |2 svkpocl  |9 29820 
650 0 7 |a slavistika  |2 svkpocl  |9 4282 
650 0 7 |a rodisko  |2 SNKPH  |9 172657 
651 7 |a Dubová (Svidník, Slovensko)  |2 SNKPH  |9 29097 
651 7 |a Svidník (Slovensko : okres)  |2 svkpocl  |9 28651 
651 7 |a Bardejov (Slovensko)  |2 svkpocl  |9 20040 
651 7 |a Prešov (Slovensko)  |2 snkbucl  |9 17347 
655 7 |a biografie  |2 svkpocl  |9 27965 
655 7 |a články z novín a časopisov  |2 svkpocl  |9 267496 
773 0 |t Nove žyttja  |g Roč. 64, č. 2 (2014), s. 2 
852 |a SVKPO  |b KIS3GCP 
958 |a UK 
958 |a SK 
958 |a SS 
958 |a BX 
999 |c 3336632  |d 3338562